Quais países tem clubes campeões da UEFA Europe League? - Statistics

Estatísticas Gerais
  • Esse quiz foi jogado 108 vezes
  • A pontuação média é 9 de 11
Estatísticas das Respostas
Hint Resposta % Correto
9 Títulos Inglaterra
100%
10 Títulos Itália
100%
14 Títulos Espanha
99%
2 Títulos Portugal
97%
7 Títulos Alemanha
96%
4 Títulos Holanda
89%
1 Título Bélgica
78%
2 Títulos Rússia
75%
1 Título Ucrânia
64%
2 Títulos Suécia
61%
1 Título Turquia
56%
Nenhum quiz correspondente encontrado
Distribuição das Pontuações
Porcentagem de Pessoas com Cada Pontuação
Percentil de Números Respondidos
Sua Pontuação Histórica
Você não jogou esse quiz